000 00685nam a2200229Ia 4500
003 OSt
005 20220926015016.0
006 a|||||r|||| 00| 0
007 ta
008 220923b |||||||| |||| 00| 0 eng d
037 _cGeneral Book
040 _aRTL
_cRTL
_beng
041 _2eng
_aeng
082 _axb4.73.N77t, L7
110 _aNATIONAL BUREAU OF ECONOMIC RESEARCH INC
_9321478
245 0 _aInteraction in economic research
_b57th annual report
260 _aNew York
_bNber
_c1977
300 _a111p
_ccm.
700 _aNATIONAL BUREAU OF ECONOMIC RESEARCH INC
_9321479
942 _hxb4.73.N77t, L7
_cGB
_2CC
999 _c630365
_d630365